Drapeaux du monde - Shuffle - Statistiques

Statistiques générales
  • Ce quiz a été pris 43 fois
  • Le résultat moyen est 151 sur 196
Statistiques - réponses
Par images Réponse % Correct
Finlande
95%
Honduras
95%
Algérie
90%
Bulgarie
90%
Canada
90%
Côte d'Ivoire
90%
Cuba
90%
Estonie
90%
Géorgie
90%
Islande
90%
Kenya
90%
Malte
90%
Norvège
90%
Pérou
90%
Chine
86%
Colombie
86%
Corée du Nord
86%
Équateur
86%
Grèce
86%
Haïti
86%
Inde
86%
Iran
86%
Irlande
86%
Kosovo
86%
Macédoine du Nord
86%
Madagascar
86%
Maroc
86%
Monaco
86%
Népal
86%
Nouvelle-Zélande
86%
Ouganda
86%
Pakistan
86%
Qatar
86%
République démocratique du Congo
86%
Roumanie
86%
Slovaquie
86%
Taïwan
86%
Venezuela
86%
Viêt Nam
86%
Afrique du Sud
81%
Allemagne
81%
Andorre
81%
Angola
81%
Arménie
81%
Australie
81%
Autriche
81%
Bangladesh
81%
Biélorussie
81%
Bosnie-Herzégovine
81%
Cambodge
81%
Cameroun
81%
Cap-Vert
81%
Chypre
81%
Comores
81%
Croatie
81%
Danemark
81%
Émirats arabes unis
81%
Etats-Unis
81%
France
81%
Guatemala
81%
Guyana
81%
Indonésie
81%
Irak
81%
Italie
81%
Jamaïque
81%
Japon
81%
Kazakhstan
81%
Liban
81%
Liberia
81%
Malaisie
81%
Mauritanie
81%
Niger
81%
Palaos
81%
Panama
81%
Pays-Bas
81%
Pologne
81%
Portugal
81%
République Centrafricaine
81%
République dominicaine
81%
République tchèque
81%
Saint-Marin
81%
Seychelles
81%
Slovénie
81%
Somalie
81%
Suisse
81%
Tunisie
81%
Turquie
81%
Uruguay
81%
Afghanistan
76%
Arabie Saoudite
76%
Argentine
76%
Azerbaïdjan
76%
Bahamas
76%
Bahreïn
76%
Barbade
76%
Belgique
76%
Belize
76%
Brésil
76%
Brunei
76%
Chili
76%
Corée du Sud
76%
Costa Rica
76%
Dominique
76%
Égypte
76%
Érythrée
76%
Espagne
76%
Ghana
76%
Hongrie
76%
Israël
76%
Jordanie
76%
Laos
76%
Lettonie
76%
Luxembourg
76%
Mali
76%
Moldavie
76%
Mongolie
76%
Mozambique
76%
Nauru
76%
Nigeria
76%
Oman
76%
Ouzbékistan
76%
Sainte-Lucie
76%
Sénégal
76%
Serbie
76%
Singapour
76%
Suède
76%
Tadjikistan
76%
Tchad
76%
Thaïlande
76%
Togo
76%
Tonga
76%
Ukraine
76%
Vatican
76%
Yémen
76%
Albanie
71%
Antigua-et-Barbuda
71%
Bénin
71%
Bhoutan
71%
Birmanie
71%
Botswana
71%
Burundi
71%
Gabon
71%
Grenade
71%
Guinée équatoriale
71%
Île Maurice
71%
Îles Marshall
71%
Kirghizistan
71%
Koweït
71%
Maldives
71%
Mexique
71%
Micronésie
71%
Monténégro
71%
Nicaragua
71%
Papouasie-Nouvelle- Guinée
71%
Paraguay
71%
Philippines
71%
République du Congo
71%
Royaume-Uni
71%
Russie
71%
Sri Lanka
71%
Syrie
71%
Trinité-et-Tobago
71%
Turkménistan
71%
Tuvalu
71%
Bolivie
67%
Burkina Faso
67%
Djibouti
67%
Eswatini
67%
Éthiopie
67%
Fidji
67%
Gambie
67%
Guinée
67%
Guinée-Bissau
67%
Kiribati
67%
Lesotho
67%
Libye
67%
Liechtenstein
67%
Lituanie
67%
Namibie
67%
Saint-Christophe- et-Niévès
67%
Salvador
67%
Samoa
67%
Suriname
67%
Tanzanie
67%
Timor oriental
67%
Zambie
67%
Zimbabwe
67%
Malawi
62%
Saint-Vincent-et-les- Grenadines
62%
Sao Tomé-et-Principe
62%
Soudan
62%
Soudan du Sud
62%
Rwanda
57%
Salomon
57%
Sierra Leone
57%
Vanuatu
57%
Aucun quiz correspondant
Distribution des résultats
% des personnes avec chaque résultat
Percentile par nombre de réponses
Votre historique - résultats
Vous n’avez pas pris ce quiz